| 000 | 00355nam a2200121 4500 | ||
|---|---|---|---|
| 999 |
_c11524 _d11524 |
||
| 003 | OSt | ||
| 005 | 20230529131338.0 | ||
| 008 | 230529b ||||| |||| 00| 0 eng d | ||
| 100 | _aS P Arora and S P Bindra | ||
| 245 | _aA text book of building construction planning techniques and methods of construction | ||
| 260 | _bDhanpat Rai and sons | ||
| 942 | _2ddc | ||